अलविदा हथियार / (Record no. 113384)

MARC details
000 -LEADER
fixed length control field 01266nam a22002897a 4500
003 - CONTROL NUMBER IDENTIFIER
control field dpl
005 - DATE AND TIME OF LATEST TRANSACTION
control field 20180629125044.0
008 - FIXED-LENGTH DATA ELEMENTS--GENERAL INFORMATION
fixed length control field 180629b xxu||||| |||| 00| 0 eng d
010 ## - LIBRARY OF CONGRESS CONTROL NUMBER
LC control number A-958031
020 ## - INTERNATIONAL STANDARD BOOK NUMBER
Terms of availability 250.00
International Standard Book Number 8185256071
035 ## - SYSTEM CONTROL NUMBER
System control number A-958031, A-958038
037 ## - SOURCE OF ACQUISITION
Source of stock number/acquisition Cen Lib/Ret
040 ## - CATALOGING SOURCE
Original cataloging agency DPL
Language of cataloging HN
Transcribing agency 0
082 ## - DEWEY DECIMAL CLASSIFICATION NUMBER
Classification number
Item number हेमिंग्वे
100 ## - MAIN ENTRY--PERSONAL NAME
Personal name हेमिंग्वे, अर्नेस्ट
9 (RLIN) 45019
245 ## - TITLE STATEMENT
Title अलविदा हथियार /
Statement of responsibility, etc अर्नेस्ट हेमिंग्वे; अनुवादक गुरचरण सिंह
246 ## - VARYING FORM OF TITLE
Title proper/short title Alvida hathiyar /
Remainder of title by Ernest Heminghway; Gurcharan Singh
260 ## - PUBLICATION, DISTRIBUTION, ETC. (IMPRINT)
Place of publication, distribution, etc नयी दिल्ली
Name of publisher, distributor, etc विद्यार्थी प्रकाशन
Date of publication, distribution, etc 1998
270 ## - ADDRESS
Address के-71, कृष्णानगर
City नयी दिल्ली
Postal code 110051
300 ## - PHYSICAL DESCRIPTION
Extent 274पृ.
Dimensions 21सेमी (सजिल्द)
650 ## - SUBJECT ADDED ENTRY--TOPICAL TERM
Topical term or geographic name as entry element हिन्दी साहित्य
9 (RLIN) 51997
650 ## - SUBJECT ADDED ENTRY--TOPICAL TERM
Topical term or geographic name as entry element हिन्दी उपन्यास
9 (RLIN) 51998
650 ## - SUBJECT ADDED ENTRY--TOPICAL TERM
Topical term or geographic name as entry element Hindi literature
9 (RLIN) 51999
650 ## - SUBJECT ADDED ENTRY--TOPICAL TERM
Topical term or geographic name as entry element Hindi novel
9 (RLIN) 52000
700 ## - ADDED ENTRY--PERSONAL NAME
Personal name सिंह, गुरचरण
9 (RLIN) 51984
942 ## - ADDED ENTRY ELEMENTS (KOHA)
Source of classification or shelving scheme Dewey Decimal Classification
Koha item type Hindi Books
Classification part
Call number suffix हेमिंग्वे
Holdings
Withdrawn status Lost status Damaged status Not for loan Home library Current library Date acquired Source of acquisition Cost, normal purchase price Total Checkouts Total Renewals Full call number Barcode Date last seen Date checked out Copy number Cost, replacement price Price effective from Koha item type Source of classification or shelving scheme Collection code
        Central Library Central Library 12/08/2015 Cen Lib/Ret 250.00 3 1 उ हेमिंग्वे A-958031 10/08/2023 27/07/2023 1 250.00 12/08/2015 Hindi Books    
        Shahdara Branch Shahdara Branch 29/06/2018 BPPD/PUB 250.00     उ हेमिंग्वे A-958038 29/06/2018     250.00 29/06/2018 Hindi Books Dewey Decimal Classification Fiction

© Delhi Public Library
Hit Counter
free hit counter